000 00605nam a2200205Ia 4500
003 GCL
008 140319s9999 xx 000 0 ara d
040 _aGCL /
_cGCL
082 0 4 _a823.03
_bف ت
100 1 _aفولك، سيجنى لينيا
245 1 0 _aتنبسى وليامز /
_cفولك، سيجنى لينيا
700 1 _aرمسيس شكرى
300 _a284 ص
490 _aالهيئة العامة للاستعلامات
_v0
650 0 4 _aالادب
650 0 4 _aالقصص الاجتماعية
650 0 4 _aالادب الامريكى
650 0 4 _aالقصة
942 _2ddc
_cBK
999 _c47481
_d47481